00727cam a2200217 a 450000500170000000800410001704000350005804100080009304400070010108200190010810000390012724500850016625000230025126000370027430000400031149000310035150400280038265000370041065000280044770000340047520160317081117.0980302s1967 sp r 00010 spa d aCO-BoBLA cCO-BoBLAdCo-BoIAvH0 aspa asp04a595.796bM18v 1 aMaeterlinck, Maurice, d1862-1949.13aLa vida de las hormigas / cMaurice Maeterlinck ; traducido por J. Campo Moreno. aCuarta edición.  aMadrid : bEspasa-Calpe, c1967. a148 páginas ; c18 centímetros.0 aColección austral, v557 aIncluye bibliografía.26aHormigasx Hábitos y conducta.16aSociedades de insectos.1 aCampo Moreno, J., etraductor